000 00442pab a2200169 454500
008 180718b2003 xxu||||| |||| 00| 0 eng d
100 _aRao, K. Hanumantha
245 _aEffect on economic reforms on onion economy of India
260 _c2003
300 _ap.53-42.
362 _aDec
650 _aEconomic reform - India
650 _aEconomic reform
700 _aReddy, K. Pratap
773 _aAsian Economic Review
909 _a59599
999 _c59599
_d59599